000
00207nam a2200085 4500
001
1258925
005
20260406100940.0
245
_a
KRALİÇEYİ KURTARMAK
_c
VLADİMİR TUMANOV
260
_b
GÜNIŞIĞI KİTAPLIĞI
999
_c
1258925
_d
1258925